T.V. Villains (Part 1) - Statistics

General Stats
  • This quiz has been taken 28 times
  • The average score is 8 of 16
Answer Stats
Picture Hint Answer % Correct
Batman the Animated Series The Joker
100%
The Spectacular Spider-Man Green Goblin
83%
Teenage Mutant Ninja Turtles Shredder
83%
He-Man& Masters of the Universe Skeletor
78%
Roadrunner Wile E. Coyote
74%
The Simpsons Sideshow Bob
70%
Sherlock Jim Moriarty
61%
Star Trek Khan Noonien Singh
57%
Star Wars the Clone Wars Battle Droids
52%
Inspector Gadget Dr. Claw
43%
Breaking Bad Gustavo Fring
35%
The Fugitive One-Armed Man
35%
DuckTales Flintheart Glomgold
22%
The Scooby-Doo Show Beast of Bottomless Lake
13%
Muzzy in Gondoland Corvax
13%
Scooby-Doo Where Are You! Phantom Shadows
13%
No matching quizzes found
Score Distribution
Percent of People with Each Score
Percentile by Number Answered
Your Score History
You have not taken this quiz